| 000 | 00568nam a2200193 4500 | ||
|---|---|---|---|
| 001 | 137219 | ||
| 003 | ES-MaACL | ||
| 005 | 20230906195331.0 | ||
| 007 | t| | ||
| 008 | 070214s1913 fr r ||||1| fre d | ||
| 100 | 1 |
_aSamain, Albert Victor. _9102151 |
|
| 245 | 1 | 0 |
_aAux Flancs du Vase _b: ; suivi de Polyphéme ; et des Poemes imachevés / _cAlbert Victor Samain. |
| 250 | _a24ª. ed. | ||
| 260 |
_aParis : _bBlais et Roy, _c1913. |
||
| 300 |
_a198 p. ; _c18 cm. |
||
| 740 | 0 | _aSuivi de Polyphéme. | |
| 740 | 0 | _aPoemes imachevés. | |
| 852 |
_aES-MaACL _jD-5143 |
||
| 999 |
_c137219 _d137219 |
||